| 000 | 00562cam a2200169u 4500 | ||
|---|---|---|---|
| 082 |
_a940.40942 _bCHA |
||
| 100 | 1 |
_aCharlton, Lionel Evelyn Oswald, _949492 |
|
| 245 | 1 | 0 | _aWar over England, |
| 260 |
_aLondon, _aNew York [etc.] _bLongmans, Green and co. _c[1936] |
||
| 300 |
_ax, 287, [1] p. _bplates, map, diagrs. _c23 cm. |
||
| 526 |
_a0 _b0 _c0 _d940_409420000000000_CHA |
||
| 650 | 0 |
_aAir defenses. _949674 |
|
| 650 | 0 |
_aImaginary wars and battles. _946095 |
|
| 650 | 0 |
_aMCE _9379 |
|
| 650 | 0 |
_aWorld War, 1914-1918 _xAerial operations. _949588 |
|
| 942 |
_2ddc _cBK |
||
| 999 |
_c553102 _d553102 |
||